| 000 | 00520nam a2200181Ia 4500 | ||
|---|---|---|---|
| 999 |
_c34516 _d34516 |
||
| 003 | OSt | ||
| 005 | 20200908100118.0 | ||
| 008 | 190216s9999||||xx |||||||||||||| ||und|| | ||
| 020 | _a9788121925914 | ||
| 040 | _coclc | ||
| 082 |
_a531.1 _bLAL/M |
||
| 100 |
_aLal, Brij _94328 |
||
| 245 | 0 |
_aMechanics And Electrodynamics / _cBrij Lal ; N Subrahmanyam |
|
| 260 |
_bS Chand & Company, _c2008. _aNew Delhi: |
||
| 300 | _a375p | ||
| 650 | _aMechanics | ||
| 942 |
_cBK _2ddc _h531.1 _iLAL/M _k531.1 _mLAL/M |
||